Tormenta en ciernes = The Gathering Storm /

Primero de dos telefilmes de producción británico-norteamericana que conforman un ciclo de recreaciones ficticias de la biografía de Winston Churchill (1874-1965), el más relevante de los primeros ministros de Gran Bretaña durante la historia del siglo XX. La entrega inicial arranca en 1934, cuando...

Descrición completa

Gardado en:
Detalles Bibliográficos
Autor Principal: Loncraine, Richard (realización)
Outros autores: Whitemore, Hugh (guión) (guión), Hannan, Peter (fotógrafo) (fotógrafo), Clark, Jim (montaje) (montaje), Goodall, Howard (música) (música), Finney, Albert (actuación) (actuación), Redgrave, Vanessa (actuación) (actuación), Broadbent, Jim (actuación) (actuación), Doelger, Frank (comentarios) (comentarios), Loncraine, Richard (comentarios) (comentarios)
Formato: Deslizar
Idioma:inglés
Publicado: Los Angeles, EUA : Scott Free Productions, 2002
Temas:
Etiquetas: Engadir etiqueta
Sen Etiquetas, Sexa o primeiro en etiquetar este rexistro!

MARC

LEADER 00000ngm^a2200000^a^4500
001 000183585
005 20250521000000.0
009 20260310102044.899
020 |a 0-7831-2057-5 
037 |a Acervo ITESO - Biblioteca 
041 |a ING 
082 |a 820.  |b TOR V. 1 
100 |a Loncraine, Richard  |e (realización) 
240 1 1 |a [Tormenta en ciernes] 
245 1 0 |a Tormenta en ciernes =  |b The Gathering Storm /  |c Realización de R. Loncraine. 
246 2 |a Título en la cubierta: The Gathering Storm 
246 2 |a Título en la pantalla: Tormenta en ciernes 
246 2 |a Título en la pantalla: La guerra solitaria de Winston Churchill 
264 1 |a Los Angeles, EUA :  |b Scott Free Productions,  |c 2002 
264 2 |a EUA :  |b HBO [distribución],  |c 2003, c2003 
300 |a 1 DVD región 1 (95 min.) :  |b color 
336 |a imagen móvil bidimensional  |b tdi  |2 rdacontenido 
337 |a video  |b v  |2 rdamedio 
338 |a videodisco  |b vd  |2 rdasoporte 
520 |a Primero de dos telefilmes de producción británico-norteamericana que conforman un ciclo de recreaciones ficticias de la biografía de Winston Churchill (1874-1965), el más relevante de los primeros ministros de Gran Bretaña durante la historia del siglo XX. La entrega inicial arranca en 1934, cuando el protagonista permanece marginado del escenario político, al tiempo que se esfuerza por alertar a los legisladores de la Cámara de los Comunes sobre los peligros del rearme alemán bajo el liderazgo de Adolf Hitler y la política de apaciguamiento llevada a cabo por el primer ministro Neville Chamberlain, caracterizada por la aceptación de las condiciones del agresivo régimen nazi con la intención de evitar una Segunda Guerra Mundial. El desarrollo transcurre hasta el nombramiento de Churchill como primer Lord del Almirantazgo –cargo que ya había ocupado entre 1911 y 1914- en 1939, ocho meses antes que Chamberlain dimita y el protagonista inicie la primera de sus dos gestiones como primer ministro de Gran Bretaña. 
520 |a Ambos telefilmes compartieron, con siete años de diferencia, la participación del productor Frank Doelger, el guionista Hugh Whitemore, la compañía angelina Scott Free Productions –de los hermanos Ridley y Tony Scott- y la distribución a cargo de HBO en Estados Unidos y de BBC en Gran Bretaña, pero tienen diferentes realizadores e intérpretes protagonistas: el inglés Richard Loncraine dirigió en este trabajo a su compatriotas Albert Finney y Vanessa Redgrave –en el papel de Clementine Churchill (1885-1977)- y el irlandés Thaddeus O'Sullivan hace lo propio con su coterráneo Brendan Gleeson y la inglesa Janet McTeer en Hacia la tormenta. El título original en inglés del primer telefilme (The Gathering Storm) es idéntico al del primer volumen de La Segunda Guerra Mundial (1948), el monumental trabajo historiográfico y testimonial de Churchill, pero no está basado en dicho libro. Por último, el telefilme aparece en esta presentación en DVD con dos títulos en español: Tormenta en ciernes en la opción de subtítulos y La guerra solitaria de Winston Churchill en la opción de doblaje. 
520 |a Suplementos y características especiales (en inglés, sin subtítulos o traducción al español): 1) Opción de reproducir la película acompañada de un comentario del productor Doelger y el director Loncraine y 2) Pantallas de texto con biografías de Loncraine, Whitemore y los intérpretes Finney, Redgrave, Jim Broadbent, Linus Roache, Lena Headey, Tom Wilkinson y Derek Jacobi. 
546 |a En inglés, con subtítulos opcionales: español, francés, inglés 
546 |a Doblaje opcional: español, francés 
586 |a Premio Nobel de Literatura 1953: Biografías, crítica e interpretación 
649 |a XX 
650 |a Jefes de Estado Británicos -  |x Biografías 
650 |a Políticos Ingleses -  |x Biografías 
650 |a Políticos Británicos -  |x Biografías 
650 |a Películas Históricas 
650 |a Dramas Cinematográficos 
650 |a Telefilmes 
650 |a Cine por Televisión -  |z Inglaterra 
650 |a Cine Inglés -  |y 2000-2009 
650 |a Cine Inglés -  |y Siglo XXI 
650 |a Política -  |z Gran Bretaña -  |x Historia -  |y Jorge V, 1910-1936 
650 |a Política -  |z Gran Bretaña -  |x Historia -  |y Jorge VI, 1936-1952 
650 |a Política -  |z Europa -  |x Historia -  |y 1918-1945 
650 |a Política -  |z Europa -  |x Historia -  |y Siglo XX 
650 |a Política Internacional -  |x Historia -  |y 1930-1939 
650 |a Política Internacional -  |x Historia -  |y Siglo XX 
650 |a Gran Bretaña -  |x Historia -  |y Jorge V, 1910-1936 
650 |a Gran Bretaña -  |x Historia -  |y Jorge VI, 1936-1952 
650 |a Gran Bretaña -  |x Historia -  |y Siglo XX 
650 |a Gran Bretaña -  |x Historia -  |y Período Victoriano y Casa de Windsor, 1837 en Adelante 
650 |a Europa -  |x Historia -  |y 1918-1945 
650 |a Europa -  |x Historia -  |y Siglo XX 
650 |a Historia Moderna -  |y 1930-1939 
650 |a Historia Moderna -  |y Siglo XX 
650 |a Historia Universal 
650 |a Churchill, Winston -  |x Tema Principal 
600 |a Churchill, Clementine 
700 |a Whitemore, Hugh  |e (guión) 
700 |a Hannan, Peter  |e (fotógrafo) 
700 |a Clark, Jim  |e (montaje) 
700 |a Goodall, Howard  |e (música) 
700 |a Finney, Albert  |e (actuación) 
700 |a Redgrave, Vanessa  |e (actuación) 
700 |a Broadbent, Jim  |e (actuación) 
700 |a Doelger, Frank  |e (comentarios) 
700 |a Loncraine, Richard  |e (comentarios) 
910 |a Fondo General 
920 |a Audiovisuales - DVDs 
940 |a Películas 
905 |a 302 
901 |a 0500089181  |b IT2  |c DVS  |i C104253  |u 20250521 
902 |a https://opac.biblio.iteso.mx/vufind/Record/000183585